|
|
|
|
| LEADER |
00000nam0a2200000 4500 |
| 001 |
59717 |
| 005 |
20231101211830.0 |
| 035 |
|
|
|a (RuTPU)RU\TPU\book\63173
|
| 090 |
|
|
|a 59717
|
| 100 |
|
|
|a 20040126d1977 k y0rusy50 ca
|
| 101 |
1 |
|
|a rus
|c eng
|
| 102 |
|
|
|a RU
|
| 105 |
|
|
|a a z 000zy
|
| 200 |
1 |
|
|a Обработка металлов резанием
|e пер. с англ.
|f И. Дж. Армарего, Р. Х. Браун
|
| 210 |
|
|
|a Москва
|c Машиностроение
|d 1977
|
| 215 |
|
|
|a 325 с.
|c ил.
|
| 606 |
1 |
|
|a Резание
|x Обработка резанием
|2 stltpush
|3 (RuTPU)RU\TPU\subj\24494
|9 48833
|
| 610 |
1 |
|
|a металлообработка
|
| 610 |
1 |
|
|a металлорезание
|
| 610 |
1 |
|
|a металлорежущие инструменты
|
| 610 |
1 |
|
|a металлы
|
| 610 |
1 |
|
|a деформации
|
| 610 |
1 |
|
|a механика
|
| 610 |
1 |
|
|a прямоугольное резание
|
| 610 |
1 |
|
|a косоугольное резание
|
| 610 |
1 |
|
|a смазочно-охлаждающие вещества
|
| 610 |
1 |
|
|a износ
|
| 610 |
1 |
|
|a точение
|
| 610 |
1 |
|
|a фрезерование
|
| 610 |
1 |
|
|a механическая обработка
|
| 610 |
1 |
|
|a вибрация
|
| 610 |
1 |
|
|a абразивная обработка
|
| 610 |
1 |
|
|a физико-химические методы
|
| 675 |
|
|
|a 621.91
|v 3
|
| 700 |
|
1 |
|a Армарего
|b И. Дж.
|
| 701 |
|
1 |
|a Браун
|b Р. Х.
|
| 801 |
|
1 |
|a RU
|b 63413507
|c 20040126
|g PSBO
|
| 801 |
|
2 |
|a RU
|b 63413507
|c 20230221
|g PSBO
|
| 942 |
|
|
|c BK
|